1629 1647 1108 1731 1879 1135 1132 1911 1459 1633 1376 1220 1689 1021 1086 1676 1965 1242 1620 1164 1106 1859 1052 1924 1343 1052 1874 1040 1818 1796 1609 1619 1794 1646 1834 1912 1110 1179 1540 1674 1659 1602 2000 1094 1705 1722 1362 1888 1201 1569 1343 1975 1251 1616 1256 1674 1017 1447 1918 1835 1433 1936 1897 1950 1355 1131 2000 1152 1260 1041 1058 1432 1991 1092 1421 1530 1483 1649 1288 1477 1117 1342 1715 1368 1263 1491 1125 1397 1802 1022 1416 1077 1017 1277 1324 1950 1363 1559 1787 BCNSPRNW ULIB Ver.6.0+V

เปลี่ยนเป็นภาษาไทย

Change to English
 แสดงรายละเอียดบรรณานุกรม
  กลับหน้าหลัก

Brief Record : Get Marc (ISO 2709) : E-mail record : QR code < ปิดหน้าต่าง
LEADER : 00000nam 2200000uu 4500
001    13399122147
003     ULIB
008    130107s2548||||th 000 0 tha d
020    ^a9748817965
060 04 ^aWY18.2^bว587ส ล1
110 1  ^aวิทยาลัยพยาบาลเครือข่ายภาคกลาง
245 00 ^aสาระทบทวนการพยาบาลผู้ใหญ่ /^cวิทยาลัยพยาบาลเครือข่ายภาคกลาง
250    ^aพิมพ์ครั้งที่ 1
260    ^aกรุงเทพฯ :^bวิทยาลัยพยาบาลเครือข่ายภาคกลาง,^c2548
300    ^a189 หน้า
650  7 ^aการพยาบาลผู้ใหญ่
650  7 ^aสาระทบทวน
945    ^p0^l0^i13705
995    ^aกัณชพร
999 ^a ใช้งานได้ทุกระบบ
รายการนี้ยังไม่มีแท็ก
คุณยังไม่ได้ล็อกอิน คุณสามารถมีกิจกรรมร่วมกับเว็บไซต์ได้ แต่ต้องล็อกอินก่อน ::
  ล็อกอิน

รายการสื่อสารสนเทศ

ลำดับที่ ประเภท เลขเรียก/บาร์โค้ด สถานที่ สถานะ
1. Book การพยาบาล
Book การพยาบาล
สถานะ=หนังสือเก่า
WY18.2 ว587ส ล1  
  Barcode: 13705
ห้องสมุดวิทยาเขตนครสวรรค์
►หนังสือทั่วไป:l:General Books
บนชั้น

รายการใกล้เคียง
    หัวเรื่อง [การพยาบาลผู้ใหญ่]
    หัวเรื่อง [สาระทบทวน]

BibComment


ยังไม่เคยถูกคอมเมนท์

คอมเมนท์ทรัพยากรรายการนี้
  คอมเมนท์: สาระทบทวนการพยาบ..


 Copyright 2026. Bcnsprnw @Library